Publicidad

Salvato in:
Dettagli Bibliografici
Autore principale: Crawford, John W (Autore)
Natura: Libro
Lingua:spagnolo
Pubblicazione: Ciudad de México UTEHA 1972
Serie:Biblioteca de Altos Estudios Comerciales
Soggetti:
Tags: Aggiungi Tag
Nessun Tag, puoi essere il primo ad aggiungerne!!

MARC

LEADER 00000nam a2200000 a 4500
001 UCQ1188
003 CL-VaPUC
008 980709e19720000MX |||||||||||||||||spa|d
082 0 4 |a 659.1  |b CRA  |2 21 
100 0 |a Crawford, John W  |e author  |9 414856 
245 1 0 |a Publicidad 
300 |a 514 p 
942 |c BK 
945 |d 19980709 00:00:00  |a cmena 
260 |a Ciudad de México  |b UTEHA  |c 1972 
650 0 |a Agencias de publicidad   |9 362593 
650 0 |a Creatividad   |9 310816 
650 0 |a Recursos humanos   |9 228420 
650 0 |a Responsabilidad  |9 308399 
650 7 |a PERSUASION  |2 CL-VaPUC  |9 333321 
650 0 |a Medios de comunicación  |9 257206 
650 7 |a COMUNICACION DE MASAS  |2 CL-VaPUC  |9 334823 
650 0 |a Consumidores  |9 315658 
650 0 |a Investigación de mercado  |9 332310 
650 0 |a Marketing  |9 259324 
583 |a last modification  |c 19980709 00:00:00  |k Rodrigo Vera 
490 0 |a Biblioteca de Altos Estudios Comerciales 
999 |c 272192  |d 272190 
952 |0 0  |1 0  |4 0  |6 659_100000000000000_CRA_1972  |7 0  |8 A  |9 307073  |a BIBENE  |b BIBENE  |d 2019-11-20  |i 1437178  |o 659.1 CRA 1972  |p 1437178  |r 2025-01-15  |w 2019-11-20  |y BK  |k ICO 
952 |0 0  |1 0  |4 0  |6 659_100000000000000_CRA_1972  |7 0  |8 A  |9 307074  |a BIBENE  |b BIBENE  |d 2019-11-20  |i 1437224  |o 659.1 CRA 1972  |p 1437224  |r 2025-01-15  |w 2019-11-20  |y BK  |k ICO